Dlhý dom Bratislava, Starý Ružinov
Uložené v:
| Hlavný autor: | |
|---|---|
| Ďalší autori: | |
| Médium: | Rukopis Kniha |
| Jazyk: | Slovak |
| Vydavateľské údaje: |
Bratislava
2023
|
| Predmet: | |
| On-line prístup: | http://is.stuba.sk/zp/portal_zp.pl?podrobnosti=171868 |
| Tagy: |
Žiadne tagy, Buďte prvý, kto otaguje tento záznam!
|
MARC
| LEADER | 00000ntm a22000003a 4500 | ||
|---|---|---|---|
| 001 | stuzp94100 | ||
| 003 | SK-STU | ||
| 005 | 20231013100305.9 | ||
| 007 | ta | ||
| 008 | 150427s2015----xo-----f-mn---000-0-slo-d | ||
| 040 | |a STU |b slo | ||
| 041 | 0 | |a slo | |
| 100 | 1 | |a Stieranka, Matúš |u 051110 |4 aut |U FAD Fakulta architektúry a dizajnu |T FAD Ústav architektúry obytných budov |X 93757 |U A1110 |Y 392 |7 93757 | |
| 242 | 0 | 1 | |a The Long House Bratislava, Starý Ružinov |y eng |
| 245 | 1 | 0 | |a Dlhý dom Bratislava, Starý Ružinov |
| 260 | |c 2023 |a Bratislava | ||
| 650 | 4 | |a dlhý dom |2 slo | |
| 650 | 4 | |a urbánna štruktúra |2 slo | |
| 650 | 4 | |a architektonická typológia |2 slo | |
| 650 | 4 | |a long house |2 eng | |
| 650 | 4 | |a urban structure |2 eng | |
| 650 | 4 | |a architectural typology |2 eng | |
| 700 | 1 | |a Paňák, Pavel |u 050900 |k Z1 |4 ths |U FAD Fakulta architektúry a dizajnu |T FAD Dekanát |X 70322 |U A0900 |Y 158 |7 A000070322 | |
| 856 | 4 | |u http://is.stuba.sk/zp/portal_zp.pl?podrobnosti=171868 |u https://opac.crzp.sk/?fn=detailBiblioForm&sid=1755732D0F093F437BA430EAC795 | |